Hacia la edificación institucional del sistema de pagos en México 1905-1917 /

Gespeichert in:
Bibliographische Detailangaben
1. Verfasser: Melo, Jimmy
Format: Text
Tags: Tag hinzufügen
Keine Tags, Fügen Sie den ersten Tag hinzu!

MARC

LEADER 00000 a a2200000 04500
001 47097
003
040
100 |a Melo, Jimmy  
245 |a Hacia la edificación institucional del sistema de pagos en México 1905-1917 /  |c Jimmy Melo  
773 |g número379, (2013), páginas 44-66 : gráficos  
999 |c 24117  |d 24117